000 00999nam a22003017a 4500
001 5069
003 FISKH
005 20260319151103.0
008 241104b cb ||||| |||| 00| 0 eng d
020 _a9781580892995
040 _aFISKH
_beng
_cFISKH
_dFISKH
050 _aPZ7.B1387
082 _a489
100 _aBaehr, Patricia
_d(1931-)
245 _aBoo cow /
_cPatricia Baehr Margot Apple
250 _aFirst paperback edition in 2012
260 _aWatertown :
_bCharlesbridge,
_c2012.
300 _a30 pages :
_bColor illustrations ;
_c23 cm
505 _aP
520 _aWhen Mr. and Mrs. Noodleman start a chicken farm, they are terrorized by a ghostly cow that seems to be keeping the hens from laying any eggs, but upon further investigation they discover the real culprit.
521 8 _a610L
_bLexile
521 8 _aP
_bRaz-Plus
650 _2Picture book
_aGhosts
650 _2Animals
700 _aApple, Margot
_dIllustrator
942 _2ddc
_cBK
_n0
999 _c5069
_d5069